Statistics for Name every Muppet

Click here to take the quiz!

General Stats

  • This quiz has been taken 47 times
  • The average score is 25 of 94

Answer Stats

#Answer% Correct
1Kermit the Frog
95%
2Miss Piggy
95%
7Animal
84%
3Fozzie Bear
84%
4Gonzo
84%
11Dr Teeth
76%
13Janice
74%
21Beaker
68%
18Statler
68%
19Waldorf
68%
22The Swedish Chef
66%
6Scooter
63%
14Zoot
63%
5Rowlf the dog
58%
41Sweetums
58%
20Bunsen Honeydew
53%
40Robin the Frog
50%
9Rizzo the Rat
47%
23Sam Eagle
47%
12Floyd Pepper
45%
24Camilla the Chicken
42%
42Uncle Deadly
42%
30Beauregard
37%
35Lew Zealand
37%
15Lips
37%
10Walter
37%
36Link Hogthrob
34%
25Bobo the Bear
32%
50Annie Sue
29%
32Crazy Harry
29%
16Clifford
26%
8Pepe the King Prawn
26%
39Pops
26%
60Dr. Julius Strangepork
24%
37Marvin Suggs
24%
87Wanda
24%
86Wayne
24%
29Bean Bunny
21%
54Bobby Benson
21%
70Mahna Mahna
21%
2680s Robot
18%
53Big Mean Carl
18%
31Constantine
18%
58Denise
18%
65Foo-Foo
18%
66George the Janitor
18%
76Nigel
18%
83Thog
18%
27Andy Pig
16%
51Beautiful Day Monster
16%
59Doglion
16%
62Droop
16%
67Gorgon Heap
16%
73Mildred Huxtetter
16%
28Randy Pig
16%
79Snowths
16%
38The Muppet Newsman
16%
84Timmy Monster
16%
57Chip
13%
61Dr. Phil Van Neuter
13%
91Foozie Bear
13%
33Johnny Fiama
13%
90Kermoot
13%
89Miss Poogy
13%
74Mulch
13%
93Roowlf the Dog
13%
34Sal Minella
13%
94Animool
11%
63Emily Bear
11%
72Mean Mama
11%
78Seymour
11%
75The Mutations
11%
85Waldo C. Graphic
11%
88Yolanda Rat
11%
48Afghan Hound
8%
49Angel Marie
8%
52Behemoth
8%
68Howard Tubman
8%
92Janooce
8%
17Jim
8%
71Mary Louise
8%
44Whatnots
8%
55Bubba the Rat
5%
56Butch
5%
64Fletcher Bird
5%
69Louis Kazzager
5%
77Mr. Poodlepants
5%
80Sopwith the Camel
5%
81Splurge
5%
82Sundance
5%
43Flackles
3%
45Gloria Estefan Penguin
0%
46Nicky Napoleon
0%
47Winky Pinkerton
0%

Score Distribution

Percentile by Number Answered

Percent of People with Each Score

Your Score History

You have not taken this quiz